00551 2200181 4500001002100000005001500021035002000036007000300056008004100059020002200100082001200122084001800134100001600152245009600168260003700264300004200301650002600343INLIS00000000000112420250117092651 a0010-0125000007ta250117 g 0 ind  a978-979-582-282-0 a630.206 a630.206 LAI u0 aLaila Kadar1 aURGENSISTANDARDISASI INSTRUMEN DALAM PEMBANGUNANPERTANIANPertanian Press2024 /cLaila Kadar aJakarta :bPertanianPress,c2024 aviii, 121hlm :bIlus ;c15 cm x 21 cm 4aPEMBANGUNAN PERTANIAN